01962nam a2200241Ia 4500001000600000003000900006008004100015040001300056040001300069041001300082100002100095100002900116245001000145245001000155250001100165260001100176260002400187260004900211300005700260500134400317650002801661650003101689H4211IT-RoPAU130308s9999 xx 000 0 und d aIT-RoPAU cIT-RoPAU aITALIANO aPorcu Costantino gCodice Aut. SPICS: 57568 aDurer bDurer a1a ed. aMILANO bCorriere Della Sera c2004 [1° Ed.:2004 - Ed.Ling.Originale:2004] a"192 p. (prefazione: no ; testo: 192 [pagine: 0-0])" a"Presentazione di Giorgio Zampa: L'Irraggiungibile Semplicita della Bellezza. La Vita, L'Arte e I capolavori a cura di Porcu Costantino. Apparati: tavola Cronologica; collocazione Geografica delle Opere; breve Antologia Critica; consigli Bibliografici. I Capolavori: ritratto del Padre; Autoritrattocon fiore di Eringio; Il Principe Elettore Federico Il Saggio; Altare di Dresda: la Vergine col bambino tra I Santi Antonio Abate e Sebastiano; Albrecht Durer Il Vecchio; Autoritratto con Guanti; Il Compianto su Cristo Morto; Madonna col bambino Alla Finesta; ritratto di Elspeth Tucher; ritratto Dihans Tucher; ritratto di Felicitas Tucher; ritratto di Oswolt Krel; Homo Silvaticus con Lo Stemma di Oswolt Krel e di Agathe Krel; Autoritratto con Pelliccia; Ercole uccide gli Uccelli di Stinfalo; Il Compianto su Cristo morto (Glimm); ritratto di Giovane; Polittico dei sette Dolori; Altare Paumgartner; Madonna degli Animali; Pifferaio e Suonatore di Tamburo; L'Adorazionedei Magi; Madonna col Bambino; ritratto di giovane Veneziana; ritratto di Veneziana; ritratto di Giovane; ritratto di Burkard Von Speyer; festa del Rosario; Gesu' Dodicenne tra I Dottori; Madonna del Lucherino; ritratto di Ragazza con Berretto Rosso; Adamo ed Eva; Il Martirio dei Diecimila; Adorazione della Santissima Trinita'; la Vergine col bambino Disteso...." aAUTORI/OPERE DI PITTURA eCodice materia Spics: 5207